000 00264nam a2200109Ia 4500
005 20251222143315.0
008 251222s9999||||xx |||||||||||||| ||spa||
082 _a658.7/U61
245 0 _aLa LogĂ­stica en la Empresa
264 _bFondo Editorial UCSS
942 _cLIB
999 _c15870
_d15870